[Event "TUR-chT Clubs"]
[Site "Konya"]
[Date "2019.07.17"]
[Round "3.10"]
[White "Celek, Osman Emre"]
[Black "Canakay, Ahmet"]
[Result "1-0"]
[WhiteElo "1612"]
[BlackElo "1583"]
[PlyCount "83"]
[EventDate "2019.07.16"]
[EventType "team-swiss"]
[EventRounds "9"]
[EventCountry "TUR"]
[SourceTitle "CBM 191 Extra"]
[Source "ChessBase"]
[SourceDate "2019.09.30"]
[SourceVersion "1"]
[SourceVersionDate "2019.09.30"]
[SourceQuality "1"]
[WhiteTeam "Tusas Dernegi"]
[BlackTeam "Kalite Dernegi"]
[WhiteTeamCountry "TUR"]
[BlackTeamCountry "TUR"]

1. e4 c5 2. Nf3 Nc6 3. d4 cxd4 4. Nxd4 g6 5. Nc3 Bg7 6. Be3 d6 7. Qd2 Nf6 8. f3 0-0 9. 0-0-0 Nxd4 10. Bxd4 Be6 11. Kb1 a6 12. g4 b5 13. h4 b4 14. Nd5 Bxd5 15. exd5 e5 16. dxe6 fxe6 17. Bc4 d5 18. Bd3 Nd7 19. Bxg7 Kxg7 20. h5 g5 21. h6+ Kh8 22. Rh5 Rf4 23. Qe2 Qf6 24. Rh3 Nc5 25. Qe3 Na4 26. Qc1 Rb8 27. Re1 Rb6 28. Re3 Kg8 29. Rh1 Kh8 30. Rhe1 Kg8 31. Ka1 Rc6 32. Re5 b3 33. axb3 Nc5 34. Qe3 Qxh6 35. b4 Nxd3 36. cxd3 Kf7 37. Qa7+ Kg6 38. Qd7 Rb6 39. Rxe6+ Rxe6 40. Rxe6+ Rf6 41. Qe8+ Kg7 42. Re7+ 1-0